000 00527nam a22002057a 4500
003 OSt
005 20140310183126.0
008 130529t xxu||||| |||| 00| 0 eng d
020 _a9789717251875
050 _aHA 29
_b.B186 2011
082 _aFIL 519.521
_bB186 2011
245 _aBasic Statistics
_cBalino, Jovencio T.
260 _aMetro Manila
_bGrand Books Building
_cc2011
300 _a120 p.
521 _acollege students
526 _c1210L-1700L
541 _j1
562 _e1
942 _2lcc
_cBK
_kFIL
999 _c19029
_d19029